00558 2200181 4500001002100000005001700021008004100038035002600079245009000105100002400195250002000219260003300239300004200272082001100314084001700325650002200342990001200364INLIS00000000000004020240612145211.0240612| ||| | ind  a 0010-06240000000004000aHimpunan Peraturan Pajak Penghasilan Dan Pajak Pertambahan NilaicAmin Wdjaja Tunggal0 aAmin Wdjaja Tunggal aCetakan pertama aJakarta :bHarvarindo,c1996 aix, 338 halaman ;cilustrasi ; 23 cm.0 a336.24 a336.24 AMI h 0aIncome Taxes, Law a0000042